00445pab a2200157 454500008004000000100002900040245007100069260000900140300001300149362001100162650002900173650001200202650002000214700001900234773003400253180718b2017 xxu||||| |||| 00| 0 eng d aChoudhury, Pranab Ranjan aImproving the drought resilience of the small farmer agroecosystem c2017 ap.41-46. a12 Aug aAgricultural development aFarmers aDrought control aSindhi, Sumita aEconomic and Political Weekly